| 000 | 00735 a2200193 4500 | ||
|---|---|---|---|
| 003 | NUST | ||
| 005 | 20251219141342.0 | ||
| 040 | _cNust | ||
| 082 | _a621.382,SAD | ||
| 100 |
_aKhan, Raja Danyal Ahmed. (TE-48) _9132496 |
||
| 245 |
_aQuad Band Mobile Phone Jammer / _cNC Raja Danyal Ahmed Khan and NC Imran Younas |
||
| 260 |
_aRawalpindi _bMCS (NUST) _cJune 2015 |
||
| 300 | _axii,61 p.; | ||
| 505 | _aIntroduction (Page-13), Literature Review (Page-17), Design and Development (Page-27), Project Analysis and Evaluation (Page-43), Recommendation for Future Work (Page-48), Conclusion (Page-50). | ||
| 650 |
_aUG Project _9131132 |
||
| 651 | _aTE-48 | ||
| 700 |
_aSupervised by Asst Pro. Fazal Ahmed. _9132438 |
||
| 942 |
_2ddc _cPR |
||
| 999 |
_c217256 _d217256 |
||